Statistics for More Typing Fast Quiz (Hard)

Click here to take the quiz!

General Stats

  • This quiz has been taken 40 times
  • The average score is 38 of 122

Answer Stats

HintAnswer% Correct
aa
100%
ee
100%
ee
100%
ee
100%
ee
100%
ff
100%
ll
100%
vv
100%
aa
97%
ee
97%
ee
97%
nn
97%
oo
97%
oo
97%
oo
97%
pp
97%
rr
97%
rr
97%
vv
97%
jj
93%
nn
93%
ee
87%
ll
87%
oo
87%
tt
87%
nn
83%
oo
83%
ee
80%
ee
80%
pp
80%
ss
80%
nn
73%
oo
73%
mm
60%
uu
60%
bb
53%
rr
47%
ee
43%
oo
43%
ll
37%
nn
37%
aa
33%
ee
33%
ff
30%
ee
27%
nn
23%
oo
23%
gg
17%
aa
13%
cc
13%
ee
13%
ll
13%
nn
13%
oo
13%
ee
7%
ee
7%
ee
7%
ee
7%
ll
7%
nn
7%
oo
7%
ss
7%
vv
7%
vv
7%
yy
7%
aa
3%
ee
3%
ff
3%
ll
3%
aa
0%
aa
0%
aa
0%
bb
0%
cc
0%
ee
0%
ee
0%
ee
0%
ee
0%
ee
0%
ee
0%
ee
0%
ee
0%
ee
0%
ee
0%
ff
0%
gg
0%
jj
0%
ll
0%
ll
0%
ll
0%
ll
0%
mm
0%
nn
0%
nn
0%
nn
0%
nn
0%
nn
0%
nn
0%
nn
0%
nn
0%
oo
0%
oo
0%
oo
0%
oo
0%
oo
0%
oo
0%
oo
0%
oo
0%
oo
0%
oo
0%
pp
0%
pp
0%
rr
0%
rr
0%
rr
0%
ss
0%
ss
0%
tt
0%
uu
0%
vv
0%
vv
0%
yy
0%

Score Distribution

Percentile by Number Answered

Percent of People with Each Score

Your Score History

You have not taken this quiz